[Event "3rd Memorial Warakomska 2019"]
[Site "Suwalki"]
[Date "2019.08.11"]
[Round "8.30"]
[White "Czerw, Dawid"]
[Black "Kumala, Aleksander"]
[Result "0-1"]
[WhiteElo "2326"]
[BlackElo "2184"]
[Annotator "NA"]
[PlyCount "83"]
[EventDate "2019.08.05"]
[EventType "swiss"]
[EventCountry "POL"]
[SourceTitle "playchess.com"]
[Source "ChessBase"]
[SourceQuality "1"]
[TimeControl "40/5400+30:1800+30"]

1. d4 {[%emt 0:00:00]} e6 {[%emt 0:00:00]} 2. c4 {[%emt 0:00:00]} b6 {[%emt 0:00:00]} 3. e4 {[%emt 0:00:00]} Bb7 {[%emt 0:00:00]} 4. Bd3 {[%emt 0:00:00]} Bb4+ {[%emt 0:00:00]} 5. Bd2 {[%emt 0:02:28]} Bxd2+ {[%emt 0:00:00]} 6. Nxd2 {[%emt 0:00:28]} Qf6 {[%emt 0:00:04]} 7. Ngf3 {[%emt 0:02:17]} Nc6 {[%emt 0:00:08]} 8. e5 {[%emt 0:05:06]} Qf4 {[%emt 0:00:02]} 9. Nb3 {[%emt 0:05:02]} f6 {[%emt 0:02:26]} 10. Qe2 {[%emt 0:11:36]} O-O-O {[%emt 0:09:41]} 11. a3 {[%emt 0:08:53]} Nge7 {[%emt 0:01:41]} 12. exf6 {[%emt 0:07:50]} gxf6 {[%emt 0:02:02]} 13. Qd2 {[%emt 0:05:56]} Qg4 {[%emt 0:02:04]} 14. Rg1 {[%emt 0:10:24]} a5 {[%emt 0:12:56]} 15. h3 {[%emt 0:02:41]} Qh5 {[%emt 0:00:36]} 16. Qc2 {[%emt 0:05:57]} Ng6 {[%emt 0:04:54]} 17. Bxg6 {[%emt 0:05:34]} hxg6 {[%emt 0:03:10]} 18. O-O-O {[%emt 0:00:34]} Ne7 {[%emt 0:00:21]} 19. Nbd2 {[%emt 0:01:19]} Kb8 {[%emt 0:08:00]} 20. Kb1 {[%emt 0:01:09]} Qf5 {[%emt 0:06:08]} 21. Rde1 {[%emt 0:03:54]} a4 {[%emt 0:12:23]} 22. d5 {[%emt 0:01:42]} Nc8 {[%emt 0:05:35]} 23. Qxf5 {[%emt 0:02:05]} exf5 {[%emt 0:01:16]} 24. Kc2 {[%emt 0:03:07]} b5 {[%emt 0:04:49]} 25. cxb5 {[%emt 0:00:51]} Bxd5 {[%emt 0:00:08]} 26. Nd4 {[%emt 0:00:57]} Nd6 {[%emt 0:00:48]} 27. b3 {[%emt 0:00:36]} Rh4 {[%emt 0:01:43]} 28. Kc3 {[%emt 0:02:10]} axb3 {[%emt 0:02:37]} 29. f3 {[%emt 0:01:24]} Kb7 {[%emt 0:01:28]} 30. g3 {[%emt 0:01:13]} Rxh3 {[%emt 0:00:21]} 31. N2xb3 {[%emt 0:00:15]} Bxb3 {[%emt 0:01:21]} 32. Kxb3 {[%emt 0:00:13]} Rh2 {[%emt 0:01:04]} 33. a4 {[%emt 0:00:42]} Ra8 {[%emt 0:02:47]} 34. Ra1 {[%emt 0:02:47]} Re8 {[%emt 0:05:29]} 35. Rae1 {[%emt 0:00:55]} Re5 {[%emt 0:00:06]} 36. Rxe5 {[%emt 0:03:03]} fxe5 {[%emt 0:00:09]} 37. Nc2 {[%emt 0:00:06]} Rf2 {[%emt 0:02:32]} 38. Ne1 {[%emt 0:00:05]} Kb6 {[%emt 0:02:05]} 39. Kb4 {[%emt 0:00:17]} Rb2+ {[%emt 0:00:47]} 40. Kc3 {[%emt 0:00:00]} Rb1 {[%emt 0:00:00]} 41. f4 {[%emt 0:00:39]} e4 {[%emt 0:01:39]} 42. Kd4 0-1

[Event "3rd Memorial Warakomska 2019"]
[Site "Suwalki"]
[Date "2019.08.11"]
[Round "8.31"]
[White "Sernecki, Franciszek"]
[Black "Kokoszczynski, Jan"]
[Result "1-0"]
[WhiteElo "2275"]
[BlackElo "2238"]
[Annotator "NA"]
[PlyCount "80"]
[EventDate "2019.08.05"]
[EventType "swiss"]
[EventCountry "POL"]
[SourceTitle "playchess.com"]
[Source "ChessBase"]
[SourceQuality "1"]
[TimeControl "40/5400+30:1800+30"]

1. e4 {[%emt 0:00:11]} e5 {[%emt 0:00:00]} 2. Nf3 {[%emt 0:00:04]} Nc6 {[%emt 0:00:00]} 3. Bb5 {[%emt 0:00:04]} a6 {[%emt 0:00:00]} 4. Ba4 {[%emt 0:00:05]} Nf6 {[%emt 0:00:06]} 5. O-O {[%emt 0:00:06]} b5 {[%emt 0:00:17]} 6. Bb3 {[%emt 0:00:17]} Be7 {[%emt 0:00:11]} 7. d3 {[%emt 0:00:37]} O-O {[%emt 0:00:46]} 8. Nc3 {[%emt 0:00:07]} d6 {[%emt 0:02:01]} 9. a3 {[%emt 0:02:07]} Be6 {[%emt 0:06:44]} 10. Nd5 {[%emt 0:01:13]} Na5 {[%emt 0:01:20]} 11. Nxf6+ {[%emt 0:06:10]} Bxf6 {[%emt 0:00:11]} 12. Bxe6 {[%emt 0:00:08]} fxe6 {[%emt 0:00:07]} 13. b4 {[%emt 0:01:25]} Nc6 {[%emt 0:00:42]} 14. c3 {[%emt 0:03:04]} Qe8 {[%emt 0:03:16]} 15. Qb3 {[%emt 0:08:34]} Qf7 {[%emt 0:19:39]} 16. a4 {[%emt 0:13:45]} Rfb8 {[%emt 0:18:24]} 17. Be3 {[%emt 0:05:10]} Qd7 {[%emt 0:02:01]} 18. Rfb1 {[%emt 0:07:13]} Nd8 {[%emt 0:17:38]} 19. axb5 {[%emt 0:10:06]} axb5 {[%emt 0:00:38]} 20. Ra3 {[%emt 0:01:41]} Rxa3 {[%emt 0:03:02]} 21. Qxa3 {[%emt 0:00:11]} Qc6 {[%emt 0:00:04]} 22. Ra1 {[%emt 0:01:17]} d5 {[%emt 0:05:47]} 23. Qa7 {[%emt 0:07:56]} Rb7 {[%emt 0:07:47]} 24. Qc5 {[%emt 0:06:46]} h6 {[%emt 0:06:52]} 25. Ra8 {[%emt 0:05:10]} Qxc5 {[%emt 0:01:11]} 26. Bxc5 {[%emt 0:00:22]} dxe4 {[%emt 0:03:21]} 27. Nd2 {[%emt 0:04:01]} Kf7 {[%emt 0:00:51]} 28. Nxe4 {[%emt 0:00:29]} Be7 {[%emt 0:00:29]} 29. Bxe7 {[%emt 0:05:26]} Kxe7 {[%emt 0:00:01]} 30. Nc5 {[%emt 0:00:08]} Rb6 {[%emt 0:00:05]} 31. Rc8 {[%emt 0:00:09]} Rc6 {[%emt 0:00:31]} 32. f3 {[%emt 0:05:09]} Nf7 {[%emt 0:00:03]} 33. Rg8 {[%emt 0:00:49]} Kf6 {[%emt 0:01:41]} 34. Rb8 {[%emt 0:01:20]} Nd6 {[%emt 0:00:31]} 35. Kf2 {[%emt 0:01:08]} Ke7 {[%emt 0:00:02]} 36. Ke3 {[%emt 0:01:28]} Rb6 {[%emt 0:00:19]} 37. Rg8 {[%emt 0:01:29]} Kf7 {[%emt 0:00:30]} 38. Rd8 {[%emt 0:00:41]} Rc6 {[%emt 0:01:00]} 39. Kd2 {[%emt 0:01:11]} Ke7 {[%emt 0:00:31]} 40. Rg8 {[%emt 0:00:00]} Ne8 1-0

[Event "3rd Memorial Warakomska 2019"]
[Site "Suwalki"]
[Date "2019.08.11"]
[Round "8.32"]
[White "Kukula, Pawel"]
[Black "Mulet, Piotr"]
[Result "0-1"]
[WhiteElo "2209"]
[BlackElo "2244"]
[Annotator "NA"]
[PlyCount "72"]
[EventDate "2019.08.05"]
[EventType "swiss"]
[EventCountry "POL"]
[SourceTitle "playchess.com"]
[Source "ChessBase"]
[SourceQuality "1"]
[TimeControl "40/5400+30:1800+30"]

1. d4 {[%emt 0:00:00]} Nf6 {[%emt 0:00:00]} 2. c4 {[%emt 0:00:00]} g6 {[%emt 0:00:02]} 3. Nc3 {[%emt 0:00:00]} d5 {[%emt 0:00:05]} 4. cxd5 {[%emt 0:00:01]} Nxd5 {[%emt 0:00:07]} 5. Bd2 {[%emt 0:00:19]} Bg7 {[%emt 0:00:24]} 6. e4 {[%emt 0:00:13]} Nb6 {[%emt 0:00:34]} 7. Be3 {[%emt 0:00:12]} O-O {[%emt 0:00:08]} 8. h3 {[%emt 0:00:14]} a5 {[%emt 0:00:30]} 9. Nf3 {[%emt 0:06:17]} a4 {[%emt 0:00:53]} 10. a3 {[%emt 0:01:28]} f5 {[%emt 0:06:10]} 11. exf5 {[%emt 0:00:44]} Bxf5 {[%emt 0:00:19]} 12. g4 {[%emt 0:09:49]} Be6 {[%emt 0:01:31]} 13. Ng5 {[%emt 0:02:09]} Bb3 {[%emt 0:04:05]} 14. Qd2 {[%emt 0:00:15]} Nc6 {[%emt 0:05:26]} 15. d5 {[%emt 0:05:36]} Nxd5 {[%emt 0:08:03]} 16. Ne6 {[%emt 0:06:28]} Ne5 {[%emt 0:09:45]} 17. Be2 {[%emt 0:07:30]} Nxc3 {[%emt 0:01:09]} 18. Nxd8 {[%emt 0:00:37]} Nxe2 {[%emt 0:01:35]} 19. Qxe2 {[%emt 0:07:28]} Raxd8 {[%emt 0:04:01]} 20. O-O {[%emt 0:03:02]} Nf3+ {[%emt 0:00:09]} 21. Kg2 {[%emt 0:03:18]} Bd5 {[%emt 0:00:14]} 22. Qd1 {[%emt 0:00:23]} Bc6 {[%emt 0:00:54]} 23. Qc1 {[%emt 0:00:50]} Nd2+ {[%emt 0:16:23]} 24. Kg1 {[%emt 0:11:36]} Nf3+ {[%emt 0:00:08]} 25. Kg2 {[%emt 0:00:04]} Nd4+ {[%emt 0:00:50]} 26. Kh2 {[%emt 0:00:47]} Rf3 {[%emt 0:03:38]} 27. Bxd4 {[%emt 0:00:23]} Rxd4 {[%emt 0:01:04]} 28. Qe1 {[%emt 0:05:30]} Re4 {[%emt 0:02:06]} 29. Qd1 {[%emt 0:01:21]} Be5+ {[%emt 0:00:30]} 30. Kg1 {[%emt 0:03:21]} Rd4 {[%emt 0:08:15]} 31. Qe2 {[%emt 0:01:19]} Rxh3 {[%emt 0:00:16]} 32. f3 {[%emt 0:00:14]} Rxg4+ {[%emt 0:01:44]} 33. Kf2 {[%emt 0:08:14]} Rh2+ {[%emt 0:00:16]} 34. Ke1 {[%emt 0:00:49]} Rxe2+ {[%emt 0:00:09]} 35. Kxe2 {[%emt 0:00:06]} Rg2+ {[%emt 0:00:04]} 36. Ke3 {[%emt 0:01:31]} Rxb2 {[%emt 0:00:07] Kd4} 0-1

[Event "3rd Memorial Warakomska 2019"]
[Site "Suwalki"]
[Date "2019.08.11"]
[Round "8.33"]
[White "Klimkowski, Jan"]
[Black "Kubicka, Anna"]
[Result "1-0"]
[WhiteElo "1985"]
[BlackElo "2202"]
[Annotator "NA"]
[PlyCount "151"]
[EventDate "2019.08.05"]
[EventType "swiss"]
[EventCountry "POL"]
[SourceTitle "playchess.com"]
[Source "ChessBase"]
[SourceQuality "1"]
[TimeControl "40/5400+30:1800+30"]

1. e4 {[%emt 0:00:00]} d6 {[%emt 0:00:00]} 2. d4 {[%emt 0:00:00]} Nf6 {[%emt 0:00:10]} 3. Nc3 {[%emt 0:00:03]} e5 {[%emt 0:00:05]} 4. Nf3 {[%emt 0:00:32]} Nbd7 {[%emt 0:00:04]} 5. Bc4 {[%emt 0:00:31]} Be7 {[%emt 0:00:04]} 6. O-O {[%emt 0:00:42]} O-O {[%emt 0:00:03]} 7. a4 {[%emt 0:00:51]} c6 {[%emt 0:00:04]} 8. b3 {[%emt 0:03:49]} Qc7 {[%emt 0:00:13]} 9. a5 {[%emt 0:07:08]} h6 {[%emt 0:01:19]} 10. Bb2 {[%emt 0:04:16]} Re8 {[%emt 0:01:32]} 11. Re1 {[%emt 0:02:01]} Bf8 {[%emt 0:00:31]} 12. d5 {[%emt 0:03:43]} cxd5 {[%emt 0:26:16]} 13. Nxd5 {[%emt 0:01:21]} Nxd5 {[%emt 0:00:08]} 14. Bxd5 {[%emt 0:00:45]} Nf6 {[%emt 0:00:14]} 15. Bc4 {[%emt 0:03:32]} a6 {[%emt 0:05:13]} 16. Nd2 {[%emt 0:09:08]} Bg4 {[%emt 0:15:08]} 17. Be2 {[%emt 0:04:57]} Bxe2 {[%emt 0:15:17]} 18. Rxe2 {[%emt 0:00:19]} d5 {[%emt 0:01:02]} 19. exd5 {[%emt 0:02:05]} Nxd5 {[%emt 0:00:17]} 20. Nc4 {[%emt 0:03:24]} Rad8 {[%emt 0:01:40]} 21. Rd2 {[%emt 0:12:42]} Nb4 {[%emt 0:13:19]} 22. Rxd8 {[%emt 0:04:59]} Rxd8 {[%emt 0:00:16]} 23. Qe2 {[%emt 0:02:13]} f6 {[%emt 0:00:44]} 24. Rd1 {[%emt 0:01:30]} Nc6 {[%emt 0:01:18]} 25. Bc3 {[%emt 0:01:19]} Bb4 {[%emt 0:00:55]} 26. Bxb4 {[%emt 0:01:07]} Nxb4 {[%emt 0:00:02]} 27. c3 {[%emt 0:02:57]} Nc6 {[%emt 0:00:26]} 28. Rxd8+ {[%emt 0:00:38]} Qxd8 {[%emt 0:00:38]} 29. b4 {[%emt 0:01:11]} Ne7 {[%emt 0:06:41]} 30. h3 {[%emt 0:02:33]} Qd5 {[%emt 0:05:31]} 31. Nb6 {[%emt 0:03:46]} Qe6 {[%emt 0:03:02]} 32. Qe4 {[%emt 0:01:18]} Nc6 {[%emt 0:00:55]} 33. Qg6 {[%emt 0:00:54]} e4 {[%emt 0:01:06]} 34. Qg3 {[%emt 0:01:46]} Kh7 {[%emt 0:00:40]} 35. Qe3 {[%emt 0:04:04]} f5 {[%emt 0:00:34]} 36. Qc5 {[%emt 0:00:48]} Ne5 {[%emt 0:01:15]} 37. Qd4 {[%emt 0:06:26]} Nd3 {[%emt 0:00:27]} 38. Nd5 {[%emt 0:01:05]} Qg6 {[%emt 0:01:13]} 39. Ne7 {[%emt 0:01:15]} Nf4 {[%emt 0:00:35]} 40. Nxg6 {[%emt 0:00:00]} Ne2+ {[%emt 0:00:00]} 41. Kf1 {[%emt 0:02:02]} Nxd4 {[%emt 0:00:06]} 42. Ne7 {[%emt 0:02:32]} Nb5 {[%emt 0:01:14]} 43. Nxf5 {[%emt 0:00:31]} Nxc3 {[%emt 0:00:25]} 44. Nd6 {[%emt 0:00:46]} Nd5 {[%emt 0:02:24]} 45. b5 {[%emt 0:02:14]} axb5 {[%emt 0:04:34]} 46. Nxb5 {[%emt 0:04:29]} Kg6 {[%emt 0:01:38]} 47. Nd6 {[%emt 0:00:50]} b6 {[%emt 0:04:29]} 48. a6 {[%emt 0:01:06]} Nc7 {[%emt 0:00:04]} 49. a7 {[%emt 0:00:04]} Na8 {[%emt 0:00:03]} 50. Ke2 {[%emt 0:01:45]} Kf6 {[%emt 0:00:29]} 51. Ke3 {[%emt 0:00:28]} Ke5 {[%emt 0:01:06]} 52. Nxe4 {[%emt 0:00:24]} b5 {[%emt 0:01:35]} 53. f4+ {[%emt 0:02:19]} Kd5 {[%emt 0:00:05]} 54. g4 {[%emt 0:02:13]} Kc6 {[%emt 0:00:50]} 55. h4 {[%emt 0:01:13]} Kb7 {[%emt 0:00:03]} 56. Nd6+ {[%emt 0:00:08]} Kxa7 {[%emt 0:00:04]} 57. Nxb5+ {[%emt 0:04:19]} Kb6 {[%emt 0:00:06]} 58. Nd4 {[%emt 0:00:25]} Nc7 {[%emt 0:01:44]} 59. Ke4 {[%emt 0:00:28]} Ne8 {[%emt 0:02:23]} 60. Ke5 {[%emt 0:01:53]} Nf6 {[%emt 0:11:42]} 61. Kf5 {[%emt 0:00:53]} Nd5 {[%emt 0:00:40]} 62. Kg6 {[%emt 0:04:04]} Nxf4+ {[%emt 0:00:54]} 63. Kxg7 {[%emt 0:00:22]} h5 {[%emt 0:01:09]} 64. g5 {[%emt 0:00:09]} Kc5 {[%emt 0:00:21]} 65. Nf5 {[%emt 0:01:14]} Kd5 {[%emt 0:00:19]} 66. Kf6 {[%emt 0:03:21]} Ke4 {[%emt 0:02:52]} 67. g6 {[%emt 0:00:13]} Nd5+ {[%emt 0:00:19]} 68. Kg5 {[%emt 0:00:24]} Ke5 {[%emt 0:00:29]} 69. g7 {[%emt 0:00:23]} Nf6 {[%emt 0:00:16]} 70. Nh6 {[%emt 0:00:15]} Ke6 {[%emt 0:01:12]} 71. Kg6 {[%emt 0:00:23]} Ke7 {[%emt 0:00:29]} 72. g8=Q {[%emt 0:00:07]} Nxg8 {[%emt 0:00:09]} 73. Nxg8+ {[%emt 0:00:08]} Kf8 {[%emt 0:00:02]} 74. Nf6 {[%emt 0:00:08]} Ke7 {[%emt 0:00:06]} 75. Nxh5 {[%emt 0:00:09]} Kf8 {[%emt 0:00:03]} 76. Nf6 {[%emt 0:00:05]} 1-0

[Event "3rd Memorial Warakomska 2019"]
[Site "Suwalki"]
[Date "2019.08.11"]
[Round "8.34"]
[White "Antolak, Julia"]
[Black "Advait, Bagri"]
[Result "1/2-1/2"]
[WhiteElo "2258"]
[BlackElo "1968"]
[Annotator "NA"]
[PlyCount "88"]
[EventDate "2019.08.05"]
[EventType "swiss"]
[EventCountry "POL"]
[SourceTitle "playchess.com"]
[Source "ChessBase"]
[SourceQuality "1"]
[TimeControl "40/5400+30:1800+30"]

1. e4 {[%emt 0:01:35]} e5 {[%emt 0:00:00]} 2. Nf3 {[%emt 0:00:11]} Nc6 {[%emt 0:00:00]} 3. Bb5 {[%emt 0:00:14]} a6 {[%emt 0:00:19]} 4. Ba4 {[%emt 0:00:07]} Nf6 {[%emt 0:00:08]} 5. O-O {[%emt 0:00:10]} Be7 {[%emt 0:00:10]} 6. Re1 {[%emt 0:00:07]} b5 {[%emt 0:00:24]} 7. Bb3 {[%emt 0:00:07]} d6 {[%emt 0:00:09]} 8. c3 {[%emt 0:00:05]} O-O {[%emt 0:00:11]} 9. h3 {[%emt 0:00:02]} Na5 {[%emt 0:00:12]} 10. Bc2 {[%emt 0:00:03]} c5 {[%emt 0:00:14]} 11. d4 {[%emt 0:00:05]} Qc7 {[%emt 0:00:10]} 12. Nbd2 {[%emt 0:00:18]} Be6 {[%emt 0:00:26]} 13. d5 {[%emt 0:01:00]} Bd7 {[%emt 0:00:07]} 14. Nf1 {[%emt 0:01:17]} Nc4 {[%emt 0:00:08]} 15. b3 {[%emt 0:16:16]} Nb6 {[%emt 0:00:13]} 16. Bd2 {[%emt 0:01:20]} c4 {[%emt 0:05:36]} 17. Ne3 {[%emt 0:13:31]} cxb3 {[%emt 0:05:15]} 18. axb3 {[%emt 0:00:16]} a5 {[%emt 0:00:11]} 19. Nh2 {[%emt 0:03:22]} a4 {[%emt 0:08:28]} 20. b4 {[%emt 0:00:31]} g6 {[%emt 0:07:01]} 21. Bd3 {[%emt 0:03:31]} Nh5 {[%emt 0:07:00]} 22. g3 {[%emt 0:06:50]} Ng7 {[%emt 0:06:34]} 23. Qe2 {[%emt 0:13:02]} f5 {[%emt 0:14:47]} 24. Bxb5 {[%emt 0:05:11]} f4 {[%emt 0:01:04]} 25. Nef1 {[%emt 0:02:21]} fxg3 {[%emt 0:13:01]} 26. Nxg3 {[%emt 0:02:19]} Bxb5 {[%emt 0:05:40]} 27. Qxb5 {[%emt 0:00:28]} Nc4 {[%emt 0:00:06]} 28. Bh6 {[%emt 0:06:41]} Rfb8 {[%emt 0:03:34]} 29. Qc6 {[%emt 0:00:17]} Qxc6 {[%emt 0:00:05]} 30. dxc6 {[%emt 0:00:04]} Rb6 {[%emt 0:00:55]} 31. c7 {[%emt 0:01:12]} Rc6 {[%emt 0:01:25]} 32. Ng4 {[%emt 0:02:28]} Ne6 {[%emt 0:01:36]} 33. Ne3 {[%emt 0:01:17]} Nxe3 {[%emt 0:01:11]} 34. Rxe3 {[%emt 0:00:32]} Nxc7 {[%emt 0:00:15]} 35. Rd3 {[%emt 0:01:01]} Nb5 {[%emt 0:00:58]} 36. Bd2 {[%emt 0:00:41]} a3 {[%emt 0:03:48]} 37. Ne2 {[%emt 0:07:06]} Rc4 {[%emt 0:01:06]} 38. f3 {[%emt 0:00:40]} Kf7 {[%emt 0:00:57]} 39. Kf1 {[%emt 0:03:26]} Ke6 {[%emt 0:01:38]} 40. Ke1 {[%emt 0:00:00]} Nc7 {[%emt 0:00:00]} 41. Ra2 {[%emt 0:08:44]} d5 {[%emt 0:18:48]} 42. exd5+ {[%emt 0:07:16]} Nxd5 {[%emt 0:00:10]} 43. Kd1 {[%emt 0:03:12]} h5 {[%emt 0:04:10]} 44. Bc1 {[%emt 0:03:44]} Rd8 {[%emt 0:04:41]} 1/2-1/2

[Event "3rd Memorial Warakomska 2019"]
[Site "Suwalki"]
[Date "2019.08.11"]
[Round "8.35"]
[White "Jaroch, Karol"]
[Black "Bai, Adelard"]
[Result "1/2-1/2"]
[WhiteElo "2221"]
[BlackElo "2113"]
[Annotator "NA"]
[PlyCount "83"]
[EventDate "2019.08.05"]
[EventType "swiss"]
[EventCountry "POL"]
[SourceTitle "playchess.com"]
[Source "ChessBase"]
[SourceQuality "1"]
[TimeControl "40/5400+30:1800+30"]

1. e4 {[%emt 0:00:00]} e5 {[%emt 0:00:00]} 2. Nf3 {[%emt 0:00:00]} Nc6 {[%emt 0:00:08]} 3. Bc4 {[%emt 0:00:00]} Nf6 {[%emt 0:00:12]} 4. d3 {[%emt 0:00:00]} Be7 {[%emt 0:00:19]} 5. Nc3 {[%emt 0:01:09]} d6 {[%emt 0:00:26]} 6. Bg5 {[%emt 0:00:21]} Na5 {[%emt 0:03:04]} 7. Qe2 {[%emt 0:01:25]} c6 {[%emt 0:03:59]} 8. a3 {[%emt 0:06:42]} Nxc4 {[%emt 0:04:07]} 9. dxc4 {[%emt 0:01:38]} Qc7 {[%emt 0:04:49]} 10. h3 {[%emt 0:07:18]} Be6 {[%emt 0:03:15]} 11. O-O {[%emt 0:43:43]} h6 {[%emt 0:08:26]} 12. Be3 {[%emt 0:02:57]} O-O {[%emt 0:01:36]} 13. Rad1 {[%emt 0:00:14]} Rfd8 {[%emt 0:06:33]} 14. Bc1 {[%emt 0:11:10]} Qb6 {[%emt 0:10:38]} 15. b3 {[%emt 0:02:02]} Qa5 {[%emt 0:02:02]} 16. Bb2 {[%emt 0:02:08]} Nh5 {[%emt 0:01:57]} 17. Kh2 {[%emt 0:04:54]} Nf4 {[%emt 0:01:22]} 18. Qd2 {[%emt 0:00:01]} Qc7 {[%emt 0:00:00]} 19. Ne2 {[%emt 0:00:05]} Ng6 {[%emt 0:08:09]} 20. Ng3 {[%emt 0:01:12]} d5 {[%emt 0:11:16]} 21. exd5 {[%emt 0:03:10]} cxd5 {[%emt 0:00:11]} 22. Qe2 {[%emt 0:00:06]} f6 {[%emt 0:10:07]} 23. Nd4 {[%emt 0:02:58]} Bf7 {[%emt 0:00:21]} 24. Nb5 {[%emt 0:00:11]} Qb6 {[%emt 0:01:31]} 25. cxd5 {[%emt 0:00:18]} Nf4 {[%emt 0:01:10]} 26. Qg4 {[%emt 0:00:18]} h5 {[%emt 0:00:48]} 27. Qf3 {[%emt 0:01:33]} Bxd5 {[%emt 0:00:45]} 28. Ne4 {[%emt 0:04:10]} Bxe4 {[%emt 0:07:03]} 29. Qxe4 {[%emt 0:00:02]} Rxd1 {[%emt 0:00:53]} 30. Rxd1 {[%emt 0:00:02]} Qxf2 {[%emt 0:01:28]} 31. Qxb7 {[%emt 0:00:05]} Rd8 {[%emt 0:01:41]} 32. Rxd8+ {[%emt 0:01:50]} Bxd8 {[%emt 0:00:05]} 33. Qa8 {[%emt 0:01:40]} Kh7 {[%emt 0:00:49]} 34. Qe4+ {[%emt 0:00:03]} Kh6 {[%emt 0:01:13]} 35. Nd6 {[%emt 0:01:03]} g6 {[%emt 0:01:31]} 36. Nf7+ {[%emt 0:00:18]} Kh7 {[%emt 0:01:15]} 37. Nxd8 {[%emt 0:02:55]} Ne2 {[%emt 0:00:37]} 38. Qb7+ {[%emt 0:00:31]} Kh8 {[%emt 0:00:14]} 39. Nf7+ {[%emt 0:00:08]} Kg8 {[%emt 0:00:20]} 40. Nh6+ {[%emt 0:00:00]} Kh8 {[%emt 0:00:00]} 41. Nf7+ {[%emt 0:07:19]} Kg7 42. Nd8+ 1/2-1/2

[Event "3rd Memorial Warakomska 2019"]
[Site "Suwalki"]
[Date "2019.08.11"]
[Round "8.36"]
[White "Korbal, Arkadiusz"]
[Black "Dzhuguryan, Tygran"]
[Result "1-0"]
[WhiteElo "2178"]
[BlackElo "2230"]
[Annotator "NA"]
[PlyCount "81"]
[EventDate "2019.08.05"]
[EventType "swiss"]
[EventCountry "POL"]
[SourceTitle "playchess.com"]
[Source "ChessBase"]
[SourceQuality "1"]
[TimeControl "40/5400+30:1800+30"]

1. d4 {[%emt 0:00:00]} Nf6 {[%emt 0:00:00]} 2. c4 {[%emt 0:00:00]} e6 {[%emt 0:00:00]} 3. g3 {[%emt 0:00:00]} Bb4+ {[%emt 0:06:27]} 4. Nd2 {[%emt 0:00:52]} Ne4 {[%emt 0:00:09]} 5. Ngf3 {[%emt 0:00:56]} Qf6 {[%emt 0:00:20]} 6. Bg2 {[%emt 0:00:52]} Bxd2+ {[%emt 0:00:13]} 7. Bxd2 {[%emt 0:00:07]} Nxd2 {[%emt 0:00:05]} 8. Qxd2 {[%emt 0:00:12]} d6 {[%emt 0:00:23]} 9. O-O {[%emt 0:00:35]} O-O {[%emt 0:00:06]} 10. b4 {[%emt 0:03:30]} Re8 {[%emt 0:09:00]} 11. Rfd1 {[%emt 0:04:58]} a5 {[%emt 0:02:33]} 12. b5 {[%emt 0:01:10]} Nd7 {[%emt 0:00:10]} 13. c5 {[%emt 0:08:44]} dxc5 {[%emt 0:09:43]} 14. dxc5 {[%emt 0:00:06]} Nxc5 {[%emt 0:00:04]} 15. Rac1 {[%emt 0:00:16]} b6 {[%emt 0:02:03]} 16. Nd4 {[%emt 0:01:19]} Bb7 {[%emt 0:02:58]} 17. Bxb7 {[%emt 0:01:58]} Nxb7 {[%emt 0:00:02]} 18. Rxc7 {[%emt 0:00:11]} Nc5 {[%emt 0:00:02]} 19. Nc6 {[%emt 0:02:41]} h5 {[%emt 0:07:12]} 20. h4 {[%emt 0:15:10]} e5 {[%emt 0:16:58]} 21. Qg5 {[%emt 0:04:03]} Qxg5 {[%emt 0:03:27]} 22. hxg5 {[%emt 0:00:03]} Kf8 {[%emt 0:00:32]} 23. Rd5 {[%emt 0:03:59]} e4 {[%emt 0:00:44]} 24. Rxc5 {[%emt 0:02:25]} bxc5 {[%emt 0:00:03]} 25. b6 {[%emt 0:00:05]} Ra6 {[%emt 0:00:23]} 26. b7 {[%emt 0:01:39]} Rb6 {[%emt 0:00:02]} 27. Nxa5 {[%emt 0:03:48]} Rb2 {[%emt 0:25:29]} 28. Nc4 {[%emt 0:04:38]} Rb1+ {[%emt 0:01:08]} 29. Kg2 {[%emt 0:00:08]} Rd8 {[%emt 0:00:31]} 30. f4 {[%emt 0:11:16]} Rd4 {[%emt 0:03:51]} 31. Na3 {[%emt 0:04:27]} Rb2 {[%emt 0:05:22]} 32. Rc8+ {[%emt 0:00:12]} Ke7 {[%emt 0:00:02]} 33. b8=Q {[%emt 0:00:15]} Rxb8 {[%emt 0:00:05]} 34. Rxb8 {[%emt 0:00:05]} Rd2 {[%emt 0:00:10]} 35. Kf2 {[%emt 0:00:07]} Rxa2 {[%emt 0:00:03]} 36. Nc4 {[%emt 0:00:17]} Ra4 {[%emt 0:01:30]} 37. Ne3 {[%emt 0:03:44]} g6 {[%emt 0:00:13]} 38. Rb7+ {[%emt 0:00:59]} Ke6 {[%emt 0:00:11]} 39. Rc7 {[%emt 0:00:41]} Ra5 {[%emt 0:01:42]} 40. Nc4 {[%emt 0:00:00]} Rb5 {[%emt 0:00:00]} 41. Ne5 {[%emt 0:00:41]} 1-0

[Event "3rd Memorial Warakomska 2019"]
[Site "Suwalki"]
[Date "2019.08.11"]
[Round "8.37"]
[White "Bukojemski, Adam"]
[Black "Lis, Mateusz"]
[Result "1/2-1/2"]
[WhiteElo "2225"]
[BlackElo "2007"]
[Annotator "NA"]
[PlyCount "73"]
[EventDate "2019.08.05"]
[EventType "swiss"]
[EventCountry "POL"]
[SourceTitle "playchess.com"]
[Source "ChessBase"]
[SourceQuality "1"]
[TimeControl "40/5400+30:1800+30"]

1. e4 {[%emt 0:00:00]} c5 {[%emt 0:00:00]} 2. Nf3 {[%emt 0:00:00]} e6 {[%emt 0:00:00]} 3. d4 {[%emt 0:00:00]} cxd4 {[%emt 0:00:00]} 4. Nxd4 {[%emt 0:00:00]} Nc6 {[%emt 0:00:00]} 5. c4 {[%emt 0:01:17]} Nf6 {[%emt 0:00:29]} 6. Nc3 {[%emt 0:01:10]} Bb4 {[%emt 0:00:08]} 7. Nxc6 {[%emt 0:03:42]} bxc6 {[%emt 0:11:46]} 8. Bd3 {[%emt 0:02:11]} d5 {[%emt 0:04:46]} 9. cxd5 {[%emt 0:05:23]} exd5 {[%emt 0:01:29]} 10. exd5 {[%emt 0:06:04]} Nxd5 {[%emt 0:00:26]} 11. O-O {[%emt 0:00:21]} Nxc3 {[%emt 0:06:29]} 12. bxc3 {[%emt 0:09:27]} Be7 {[%emt 0:10:12]} 13. Qc2 {[%emt 0:07:08]} h6 {[%emt 0:00:51]} 14. Rd1 {[%emt 0:04:29]} Qc7 {[%emt 0:00:12]} 15. Qa4 {[%emt 0:04:39]} Bd6 {[%emt 0:07:29]} 16. Qe4+ {[%emt 0:08:24]} Be6 {[%emt 0:02:30]} 17. Be3 {[%emt 0:06:41]} Kf8 {[%emt 0:06:50]} 18. h3 {[%emt 0:02:28]} Bd5 {[%emt 0:04:41]} 19. Qa4 {[%emt 0:03:02]} Bh2+ {[%emt 0:01:33]} 20. Kf1 {[%emt 0:01:19]} g6 {[%emt 0:06:19]} 21. c4 {[%emt 0:07:49]} Be6 {[%emt 0:00:16]} 22. Rab1 {[%emt 0:08:28]} Kg7 {[%emt 0:00:23]} 23. Qa6 {[%emt 0:02:13]} Bc8 {[%emt 0:13:09]} 24. Qa3 {[%emt 0:01:45]} Be6 {[%emt 0:00:54]} 25. Qa6 {[%emt 0:01:03]} Bc8 {[%emt 0:00:08]} 26. Qa3 {[%emt 0:00:11]} Be6 {[%emt 0:00:11]} 27. Be2 {[%emt 0:02:50]} Bf4 {[%emt 0:03:43]} 28. Bc5 {[%emt 0:00:35]} Bf5 {[%emt 0:05:57]} 29. Bd4+ {[%emt 0:04:02]} Be5 {[%emt 0:00:26]} 30. Qg3 {[%emt 0:01:31]} Rhe8 {[%emt 0:01:40]} 31. Bxe5+ {[%emt 0:00:38]} Qxe5 {[%emt 0:00:07]} 32. Qxe5+ {[%emt 0:00:09]} Rxe5 {[%emt 0:00:05]} 33. Rb7 {[%emt 0:00:44]} a5 {[%emt 0:04:34]} 34. g4 {[%emt 0:02:45]} Be6 {[%emt 0:01:09]} 35. Rd6 {[%emt 0:00:11]} Re8 {[%emt 0:01:53]} 36. Ra7 {[%emt 0:01:21]} h5 {[%emt 0:03:08]} 37. Rc7 {[%emt 0:01:00]} 1/2-1/2